000 00622nam a2200229Ia 4500
003 OSt
005 20221006163916.0
006 a|||||r|||| 00| 0
007 ta
008 221006b |||||||| |||| 00| 0 hin d
024 _a3,748
037 _cTextual
040 _aFML
_cFML
_bhin
041 _2hin
_ahin
082 _aV25215, K8 -;1
100 _aAhmed Iqbal Jaunpuri Au.
_9676172
245 0 _aSharki Rajya Jaunpur ka Itihaas
260 _aJaunpur
_bShiraaj Hind
_c1968
300 _a944
_ccm.
942 _hV25215, K8 -;1
_cTEXL
_2CC
999 _c1115695
_d1115695